El proceso de la civilización: balance de una obra /
El trabajo es un análisis crítico de la obra de Norbert Elías: "El Proceso de Civilización", el cual fue producto de un seminario auspiciado por los Institutos de Investigaciones Sociales e Investigaciones Psicológicas de la Universidad de Costa Rica. El objetivo principal es analizar los...
Guardado en:
| Hovedforfatter: | |
|---|---|
| Andre forfattere: | , |
| Format: | Bog |
| Sprog: | Spanish |
| Fag: | |
| Tags: |
Tilføj Tag
Ingen Tags, Vær først til at tagge denne postø!
|
MARC
| LEADER | 00000nam a22000007a 4500 | ||
|---|---|---|---|
| 003 | cru IIS | ||
| 005 | 20221028062551.0 | ||
| 008 | 220620b |||||||| |||| 00| 0 spa d | ||
| 040 | |c cru IIS | ||
| 100 | 1 | |a Solís Avendaño, Manuel Antonio |d 1952- |e Autor |9 7547 | |
| 245 | 1 | 3 | |a El proceso de la civilización: |b balance de una obra / |c Manuel Antonio Solís Avendaño, Alfonso González Ortega, Rolando Pérez Sánchez |
| 246 | |a Programa: cultura, política y subjetividad | ||
| 300 | |a 23 páginas | ||
| 500 | |a Colección Centroamérica | ||
| 520 | |a El trabajo es un análisis crítico de la obra de Norbert Elías: "El Proceso de Civilización", el cual fue producto de un seminario auspiciado por los Institutos de Investigaciones Sociales e Investigaciones Psicológicas de la Universidad de Costa Rica. El objetivo principal es analizar los alcances y limitaciones de la propuesta presentada en dicho libro, en cuanto que se muestra como una alternativa para el estudio de la historia y de los procesos de génesis social de la subjetividad. En el estudio se incluye una descripción y contextualización de la vida y obra del autor, la presentación analítica de sus planteamientos más relevantes y por último, un balance de sus principales aportes para las Ciencias Sociales y de sus señalamientos más cuestionables. En la primera parte del documento se ubica el libro de Elías en su contexto historiográfico y en el desarrollo de la sociología en la Europa continental. En la segunda parte, con este marco de referencia, se entra en el contenido del libro propiamente dicho. HB/ALJ | ||
| 650 | 0 | |9 2076 |a ANALISIS SOCIOLOGICO | |
| 650 | 4 | |9 1959 |a ANALISIS HISTORICO | |
| 650 | 0 | |9 2306 |a SEMINARIOS | |
| 650 | 0 | |9 75 |a CIENCIAS SOCIALES | |
| 700 | 1 | |9 9427 |a González Ortega, Alfonso |e Autor | |
| 700 | 1 | |9 8510 |a Pérez Sánchez, Rolando |e Autor | |
| 773 | 0 | |0 18811 |9 3302 |a Universidad de Costa Rica. Instituto de Investigaciones en Psicología |d San José, C.R.: Editorial de la UCR |o 04626 |t Actualidades en Psicología / | |
| 942 | |2 ddc |c PP | ||
| 999 | |c 44308 |d 44308 | ||
